Lecturas acogedoras para leer juntos : sueños, estrellas y días de lluvia / (Registro nro. 4457)
[ vista simple ]
| 000 -LEADER | |
|---|---|
| fixed length control field | 01187nam a2200241Ia 4500 |
| 003 - CONTROL NUMBER IDENTIFIER | |
| control field | OSt |
| 005 - DATE AND TIME OF LATEST TRANSACTION | |
| control field | 20200424121655.0 |
| 008 - FIXED-LENGTH DATA ELEMENTS--GENERAL INFORMATION | |
| fixed length control field | 191128s2016 ck a ar 000 j spa d |
| 020 ## - INTERNATIONAL STANDARD BOOK NUMBER | |
| International Standard Book Number | 9789583052750 |
| 040 ## - CATALOGING SOURCE | |
| Original cataloging agency | CO-JMCR |
| Transcribing agency | CO-JMCR |
| 041 0# - LANGUAGE CODE | |
| Language code of text/sound track or separate title | spa |
| 082 ## - DEWEY DECIMAL CLASSIFICATION NUMBER | |
| Classification number | C / |
| Item number | KLIl |
| 100 1# - MAIN ENTRY--PERSONAL NAME | |
| Personal name | Klitzing, Maren von, |
| Relator term | autor |
| 9 (RLIN) | 3538 |
| 245 10 - TITLE STATEMENT | |
| Title | Lecturas acogedoras para leer juntos : sueños, estrellas y días de lluvia / |
| Statement of responsibility, etc. | Maren von Klitzing ; ilustraciones Joëlle Tourlonias |
| 250 ## - EDITION STATEMENT | |
| Edition statement | Primera edición |
| 260 ## - PUBLICATION, DISTRIBUTION, ETC. | |
| Place of publication, distribution, etc. | Bogotá : |
| Name of publisher, distributor, etc. | Panamericana, |
| Date of publication, distribution, etc. | 2016 |
| 300 ## - PHYSICAL DESCRIPTION | |
| Extent | 77 páginas : |
| Other physical details | ilustraciones a color ; |
| Dimensions | 24 cm. |
| 500 ## - GENERAL NOTE | |
| General note | Recomendado para niños de 0 a 5 años. |
| 505 ## - FORMATTED CONTENTS NOTE | |
| Formatted contents note | El hechizo del sueño -- Una tormenta como en Groenlandia -- Torneo de caballería con concierto de ranas -- Mimos con el gato Muck -- Karlotta y el desayuno de brujas -- Paul solo quiere dormir -- En las noches todos los zorros son grises -- El genio de la |
| 520 ## - SUMMARY, ETC. | |
| Summary, etc. | En este libro de lecturas acogedoras para leer juntos, acerca de pequeños osos, gatos, malabaristas, ovejas y juguetes, cada niño encontrará su historia favorita. |
| 650 14 - SUBJECT ADDED ENTRY--TOPICAL TERM | |
| Topical term or geographic name entry element | Cuentos infantiles |
| 9 (RLIN) | 3539 |
| 942 ## - ADDED ENTRY ELEMENTS (KOHA) | |
| Source of classification or shelving scheme | Dewey Decimal Classification |
| Koha item type | Books |
| Withdrawn status | Lost status | Source of classification or shelving scheme | Damaged status | Not for loan | Collection code | Home library | Current library | Date acquired | Source of acquisition | Total Checkouts | Total Renewals | Full call number | Barcode | Date last seen | Date last checked out | Copy number | Koha item type |
|---|---|---|---|---|---|---|---|---|---|---|---|---|---|---|---|---|---|
| Dewey Decimal Classification | Fiction | Biblioteca Pública José María del Castillo y Rada | Biblioteca Pública José María del Castillo y Rada | 11/28/2019 | Donación | 14 | 10 | C / KLIl | 201809325 | 01/14/2026 | 01/14/2026 | Ej.1 | Books |